ATLAS STRUGGED (Record no. 1175168)

MARC details
000 -LEADER
fixed length control field 00253nam a2200109Ia 4500
008 - FIXED-LENGTH DATA ELEMENTS--GENERAL INFORMATION
fixed length control field 230724s1957 xx und d
041 ## - LANGUAGE CODE
Language code of text/sound track or separate title eng
100 ## - MAIN ENTRY--PERSONAL NAME
Personal name RAND AYN
245 ## - TITLE STATEMENT
Title ATLAS STRUGGED
260 ## - PUBLICATION, DISTRIBUTION, ETC.
Name of publisher, distributor, etc. PENGIN GROUP NEW YORK
Date of publication, distribution, etc. 1957
300 ## - PHYSICAL DESCRIPTION
Extent 1079
Holdings
Withdrawn status Lost status Damaged status Not for loan Home library Current library Date acquired Source of acquisition Cost, normal purchase price Total Checkouts Barcode Date last seen Date last checked out Price effective from Koha item type
        College of Architecture, Pune College of Architecture, Pune 23/07/2024 BHARATI MADYAWARTI SAHAKARI GRAHAK BHANDAR LTD. 450.00 4 ARP-BARCH-4024 27/01/2026 10/11/2025 23/07/2024 Book